000 00372nam a22000977a 4500
008 150605b xxu||||| |||| 00| 0 eng d
010 _8CACAF:66
245 _aCOURT OF APPEAL CIVIL APPEAL NO. 14 OF 2007 1. Gordon Sentiba 2. Ambassodor Paul Orono Etiang 3. Enginner Zikusooka Vs Inspectorate of Government
260 _aCourt of Appeal Kampala
500 _3JUDGEMENT: Kitumba JA.
999 _c6018
_d6018